Language Quiz

Random Language or Letter Quiz

Word Grid II Quiz Stats

 Plays Quiz Updated Nov 17, 2016

Also try: Word Grid
Challenge
Share
Tweet
Score 0/33 Timer 05:00
0 Plays Today
# of letters Words % Correct
5Cross
76.4%
4Grin
76%
4Ring
74%
5Grins
67.7%
5Rings
67.2%
4Corn
65.1%
5Gross
62.5%
5Corns
57.8%
4Rigs
55.9%
8Crossing
51.4%
4Sirs
50%
5Scorn
48.1%
9Crossings
41.6%
5Groin
39.7%
4Iron
38.8%
6Scorns
36.3%
6Groins
35.4%
# of letters Words % Correct
5Irons
35%
7Scoring
27%
6Coring
20.5%
7Scissor
18.9%
5Rosin
17.5%
6Soring
13.3%
4Sori
12.5%
5Corgi
10.2%
4Noir
9.5%
6Corgis
9.1%
6Rosins
8.3%
4Giro
6.1%
5Giros
4.8%
4Coir
4.4%
6Grison
2.1%
7Grisons
1.2%

You're not logged in!

Compare scores with friends on all Sporcle quizzes.
Join for Free
OR
Log In

You Might Also Like...

Show Comments

Extras

Top Quizzes Today


Score Distribution

Your Account Isn't Verified!

In order to create a playlist on Sporcle, you need to verify the email address you used during registration. Go to your Sporcle Settings to finish the process.

Report this User

Report this user for behavior that violates our Community Guidelines.

Details: